000 01506npm a2200157 4500
003 OSt
005 20260129131237.0
008 250331b |||||||| |||| 00| 0 fre d
040 _cautismepaimpol.fr
245 _aVite Habillons-Nous
246 _aUn loto en volume et un encastrement pour apprendre à s'habiller et à ranger ses vêtements
260 _bNATHAN JEUX
520 _aJeu consistant à - habiller les différents personnages avec des vêtements de leur couleur préférée - replacer correctement les vêtement dans le socle "armoire" - prendre dans l'armoire le vêtement que tic-tac-toe a sur lui quand il est montré
_b1ère partie - le loto en volume : Prendre une ou plusieurs planches "personnage", Ouvrir l'armoire de vêtements et poser la mascotte verticalement. On peut alors observer les vêtements, les nommer, indiquer aussi leurs couleurs et voir à quel personnage ils correspondent. 2ème partie - l'encastrement : La partie terminée, il faut ranger tous les habits, en fonction de leur forme et de leur couleur. Mais chacun a sa place et ne peut aller ailleurs dans l'armoire. C'est comme un puzzle en fait !!
562 _dContenu : - 1 règle de jeu - 1 socle "armoire" - 1 tenue de couleur bleue (chapeau; t-shirt; pantalon) - 1 tenue de couleur jaune (chapeau; t-shirt; pantalon) - 1 tenue de couleur verte (bonnet; pull; pantalon) - 1 tenue de couleur rose (chapeau; t-shirt; jupe) - 4 planches imprimées - 2 figurines encastrables
942 _cMATP
999 _c156
_d156